=LDR 00000nam 2200000 4500 =001 INLIS000000000009617 =005 20130612101413 =008 ***********************************Ind** =035 ##$$0010-061300000009617 =041 ##$$a Ind =082 ##$$a 92 (Cheng Ho) =090 ##$$a 92 (Cheng Ho), Yua m =100 ##$$a Yuanzhi, Kong =245 ##$$a Muslim Tionghoa Cheng Ho, Prof.Kong Yuanzhi =260 ##$$a 2000 $b Jakarta =300 ##$$a xiiv, 299 hlm, 21 cm =650 ##$$a Cheng Ho 0 Muslim Tionghoa =850 ##$$a NBPNMAT